000 00194nam a22000977a 4500
082 _a823
245 _aOPPOSITS-UP&DOWN
246 _aSLEEPY DOG
_bSLEEPY DOG
650 _aENGLISH STORY
942 _cBK
999 _c8842
_d8842